[Event "European School Championships"]
[Site "Rhodes, Greece"]
[Date "2022.04.26"]
[Round "6.6"]
[White "Gabadadze, Gabriel"]
[Black "Rutkowski, Feliks"]
[Result "1/2-1/2"]
[WhiteElo "1507"]
[BlackElo "1300"]
[PlyCount "114"]
[EventDate "2022.04.21"]
[EventRounds "9"]

1. e4 c5 {[%emt 0:00:05]} 2. Nf3 {[%emt 0:00:04]} e6 {[%emt 0:00:06]} 3. g3 {
[%emt 0:00:05]} b6 {[%emt 0:04:07]} 4. d4 {[%emt 0:01:22]} cxd4 {[%emt 0:00:39]
} 5. Nxd4 {[%emt 0:01:01]} Bb7 {[%emt 0:00:26]} 6. Bg2 {[%emt 0:01:06]} Nc6 {
[%emt 0:02:19]} 7. O-O {[%emt 0:00:54]} Qc7 {[%emt 0:01:33]} 8. Nc3 {[%emt 0:
02:23]} a6 {[%emt 0:01:13]} 9. Nb3 {[%emt 0:07:51]} Nf6 {[%emt 0:02:44]} 10. f4
{[%emt 0:02:27]} d6 {[%emt 0:02:38]} 11. Be3 {[%emt 0:02:43]} b5 {[%emt 0:02:
16]} 12. a3 {[%emt 0:02:56]} Be7 {[%emt 0:02:11]} 13. Qe2 O-O {[%emt 0:01:13]}
14. Rad1 {[%emt 0:01:40]} Rac8 {[%emt 0:04:47]} 15. h3 {[%emt 0:06:27]} Rfd8 {
[%emt 0:13:56]} 16. Qf2 {[%emt 0:01:28]} Nd7 {[%emt 0:03:31]} 17. g4 {[%emt 0:
05:47]} Re8 {[%emt 0:22:24]} 18. g5 {[%emt 0:02:56]} f6 {[%emt 0:02:54]} 19. h4
{[%emt 0:04:11]} Rf8 {[%emt 0:05:15]} 20. Bh3 {[%emt 0:23:27]} Nd8 {[%emt 0:24:
38]} 21. Qg3 {[%emt 0:08:26]} f5 {[%emt 0:03:27]} 22. exf5 {[%emt 0:00:51]}
exf5 {[%emt 0:00:02]} 23. Nd4 {[%emt 0:00:38]} g6 {[%emt 0:01:07]} 24. Bg2 {
[%emt 0:00:45]} Bxg2 {[%emt 0:00:12]} 25. Qxg2 {[%emt 0:00:22]} Nb6 {[%emt 0:
00:41]} 26. h5 {[%emt 0:03:45]} Qb7 {[%emt 0:00:35]} 27. Qxb7 {[%emt 0:00:25]}
Nxb7 {[%emt 0:00:06]} 28. hxg6 {[%emt 0:01:34]} hxg6 {[%emt 0:00:10]} 29. Ne6 {
[%emt 0:02:10]} Nc4 {[%emt 0:00:20]} 30. Nxf8 {[%emt 0:00:03]} Bxf8 {[%emt 0:
01:26]} 31. Bd4 {[%emt 0:00:48]} Nxb2 {[%emt 0:00:36]} 32. Rd2 {[%emt 0:01:08]}
Bg7 {[%emt 0:00:38]} 33. Bxg7 {[%emt 0:00:52]} Kxg7 {[%emt 0:00:08]} 34. Nd5 {
[%emt 0:00:25]} Nc5 {[%emt 0:00:49]} 35. Nf6 {[%emt 0:02:10]} Nc4 {[%emt 0:00:
35]} 36. Rh2 {[%emt 0:05:51]} Rh8 {[%emt 0:00:14]} 37. Rxh8 {[%emt 0:02:26]}
Kxh8 {[%emt 0:00:09]} 38. Rf3 {[%emt 0:00:46]} Kg7 {[%emt 0:01:01]} 39. Rh3 {
[%emt 0:01:53]} Ne6 {[%emt 0:00:32]} 40. Nd5 {[%emt 0:02:00]} Nd4 {[%emt 0:00:
35]} 41. Kf2 {[%emt 0:02:23]} Ne6 {[%emt 0:11:51]} 42. Ke1 {[%emt 0:05:44]} Kg8
{[%emt 0:06:45]} 43. Kd1 {[%emt 0:00:58]} Kg7 {[%emt 0:03:54]} 44. Kc1 {
[%emt 0:00:42]} a5 {[%emt 0:06:12]} 45. Kb1 {[%emt 0:02:07]} a4 {[%emt 0:00:17]
} 46. Ka2 {[%emt 0:01:13]} Kg8 {[%emt 0:02:23]} 47. Rh4 {[%emt 0:02:38]} Kg7 {
[%emt 0:02:15]} 48. Rh6 {[%emt 0:01:57]} Kf7 {[%emt 0:00:31]} 49. Rh7+ {
[%emt 0:00:35]} Kf8 {[%emt 0:00:31]} 50. Rb7 {[%emt 0:02:59]} Nd4 {[%emt 0:00:
02]} 51. c3 {[%emt 0:02:21]} Ne2 {[%emt 0:01:01]} 52. Rxb5 {[%emt 0:01:48]}
Nc1+ {[%emt 0:00:15]} 53. Ka1 {[%emt 0:00:35]} Nb3+ {[%emt 0:00:07]} 54. Ka2 {
[%emt 0:06:20]} Nc1+ {[%emt 0:00:09]} 55. Ka1 {[%emt 0:00:10]} Nb3+ {[%emt 0:
00:10]} 56. Rxb3 {[%emt 0:01:21]} axb3 {[%emt 0:00:07]} 57. a4 {[%emt 0:00:10]}
Ke8 {[%emt 0:00:56]} 1/2-1/2

[Event "European School Championships"]
[Site "Rhodes, Greece"]
[Date "2022.04.27"]
[Round "7.1"]
[White "Kuru, Atilla"]
[Black "Erdogmus, Yagiz Kaan"]
[Result "0-1"]
[WhiteElo "2029"]
[BlackElo "2358"]
[PlyCount "58"]
[EventDate "2022.04.21"]
[EventRounds "9"]

1. e4 c5 {[%emt 0:00:32]} 2. Nc3 {[%emt 0:00:06]} e6 {[%emt 0:00:07]} 3. Nge2 {
[%emt 0:00:04]} Nc6 {[%emt 0:00:29]} 4. d4 {[%emt 0:00:04]} cxd4 {[%emt 0:00:
11]} 5. Nxd4 {[%emt 0:00:05]} Qc7 {[%emt 0:00:29]} 6. Ndb5 {[%emt 0:00:09]} Qb8
{[%emt 0:00:24]} 7. Be3 {[%emt 0:00:06]} a6 {[%emt 0:00:06]} 8. Bb6 {[%emt 0:
00:04]} axb5 {[%emt 0:00:10]} 9. Nxb5 {[%emt 0:00:05]} Bb4+ {[%emt 0:00:06]}
10. c3 {[%emt 0:00:04]} Ba5 {[%emt 0:00:02]} 11. Nc7+ {[%emt 0:00:06]} Qxc7 {
[%emt 0:00:04]} 12. Bxc7 {[%emt 0:00:07]} Bxc7 {[%emt 0:00:04]} 13. Qg4 {
[%emt 0:00:06]} Kf8 {[%emt 0:05:32]} 14. Bb5 {[%emt 0:17:26]} Nge7 {[%emt 0:06:
56]} 15. O-O {[%emt 0:05:42]} g6 {[%emt 0:14:11]} 16. Qg5 {[%emt 0:21:38]} Kg7
{[%emt 0:02:55]} 17. f4 {[%emt 0:01:30]} d5 {[%emt 0:10:53]} 18. Rae1 {[%emt 0:
36:05]} dxe4 {[%emt 0:01:09]} 19. Rxe4 {[%emt 0:01:03]} Nf5 {[%emt 0:00:32]}
20. Qg4 {[%emt 0:06:08]} h5 {[%emt 0:01:58]} 21. Qf3 {[%emt 0:01:22]} Bb6+ {
[%emt 0:00:14]} 22. Kh1 {[%emt 0:00:05]} h4 {[%emt 0:00:10]} 23. h3 {[%emt 0:
01:39]} Ng3+ 24. Kh2 {[%emt 0:00:09]} Nxf1+ {[%emt 0:00:32]} 25. Qxf1 {[%emt 0:
00:05]} Rxa2 {[%emt 0:02:07]} 26. Bxc6 {[%emt 0:01:04]} bxc6 {[%emt 0:01:08]}
27. f5 {[%emt 0:00:14]} exf5 {[%emt 0:01:05]} 28. Re7 {[%emt 0:00:26]} Bc5 {
[%emt 0:00:59]} 29. Qc4 {[%emt 0:01:49]} Bd6+ 0-1

[Event "European School Championships"]
[Site "Rhodes, Greece"]
[Date "2022.04.27"]
[Round "7.2"]
[White "Qalabegashvili, Data"]
[Black "Murawski, Jan"]
[Result "1-0"]
[WhiteElo "1348"]
[BlackElo "1439"]
[PlyCount "49"]
[EventDate "2022.04.21"]
[EventRounds "9"]

1. e4 {[%emt 0:00:01]} e5 {[%emt 0:00:05]} 2. Nf3 {[%emt 0:00:05]} Nc6 {
[%emt 0:00:04]} 3. Bb5 {[%emt 0:00:06]} Nf6 {[%emt 0:00:06]} 4. d3 {[%emt 0:00:
10]} Bc5 {[%emt 0:00:05]} 5. O-O {[%emt 0:00:24]} d6 {[%emt 0:00:44]} 6. c3 {
[%emt 0:02:13]} Bg4 {[%emt 0:00:36]} 7. d4 {[%emt 0:16:48]} exd4 {[%emt 0:03:
04]} 8. cxd4 {[%emt 0:02:18]} Bb6 {[%emt 0:01:17]} 9. d5 {[%emt 0:00:55]} a6 {
[%emt 0:00:14]} 10. Ba4 {[%emt 0:00:17]} Bc5 {[%emt 0:00:31]} 11. dxc6 {
[%emt 0:00:08]} b5 {[%emt 0:00:04]} 12. Bc2 {[%emt 0:00:19]} h5 {[%emt 0:00:37]
} 13. Qe2 {[%emt 0:03:19]} Qe7 {[%emt 0:01:03]} 14. Bf4 {[%emt 0:03:24]} h4 {
[%emt 0:00:43]} 15. h3 {[%emt 0:00:16]} Nh5 {[%emt 0:00:08]} 16. Be3 {[%emt 0:
01:06]} Ng3 {[%emt 0:09:38]} 17. fxg3 {[%emt 0:01:18]} hxg3 {[%emt 0:00:21]}
18. Bxc5 {[%emt 0:02:52]} dxc5 {[%emt 0:00:44]} 19. Qe1 {[%emt 0:01:31]} Qe6 {
[%emt 0:01:12]} 20. Qxg3 {[%emt 0:00:32]} Bxh3 {[%emt 0:00:10]} 21. Ng5 {
[%emt 0:01:04]} Qxc6 {[%emt 0:01:16]} 22. Nxh3 {[%emt 0:00:17]} O-O-O {[%emt 0:
00:10]} 23. Nc3 {[%emt 0:02:12]} Rd2 {[%emt 0:00:21]} 24. Nd5 {[%emt 0:00:23]}
Kb7 {[%emt 0:00:31]} 25. Rxf7 {[%emt 0:00:40]} 1-0

[Event "European School Championships"]
[Site "Rhodes, Greece"]
[Date "2022.04.27"]
[Round "7.3"]
[White "Ward, Cian"]
[Black "Steiners, Emils"]
[Result "0-1"]
[WhiteElo "1367"]
[BlackElo "1731"]
[PlyCount "92"]
[EventDate "2022.04.21"]
[EventRounds "9"]

1. e4 {[%emt 0:00:01]} c5 {[%emt 0:00:31]} 2. c3 {[%emt 0:00:05]} Nf6 {[%emt 0:
00:03]} 3. e5 {[%emt 0:00:13]} Nd5 {[%emt 0:00:04]} 4. d4 {[%emt 0:00:07]} e6 {
[%emt 0:00:16]} 5. c4 {[%emt 0:02:36]} Nb6 {[%emt 0:02:49]} 6. d5 {[%emt 0:01:
39]} exd5 {[%emt 0:00:54]} 7. cxd5 {[%emt 0:00:12]} d6 {[%emt 0:10:15]} 8. Bb5+
{[%emt 0:04:13]} Bd7 {[%emt 0:00:34]} 9. Bxd7+ {[%emt 0:02:10]} Qxd7 {[%emt 0:
06:47]} 10. exd6 {[%emt 0:02:19]} Bxd6 {[%emt 0:00:21]} 11. Qe2+ {[%emt 0:03:
57]} Qe7 {[%emt 0:00:41]} 12. Qxe7+ {[%emt 0:00:42]} Bxe7 {[%emt 0:00:08]} 13.
Nc3 {[%emt 0:00:26]} O-O {[%emt 0:00:50]} 14. Bf4 {[%emt 0:05:09]} Rd8 {
[%emt 0:07:09]} 15. O-O-O {[%emt 0:02:21]} Bd6 {[%emt 0:00:44]} 16. Bxd6 {
[%emt 0:01:20]} Rxd6 {[%emt 0:00:22]} 17. Nb5 {[%emt 0:05:25]} Rd7 {[%emt 0:00:
31]} 18. Nc3 {[%emt 0:04:00]} Na6 {[%emt 0:00:41]} 19. Nf3 {[%emt 0:00:54]} f6
{[%emt 0:02:28]} 20. Rd2 {[%emt 0:04:55]} Rad8 {[%emt 0:00:21]} 21. Re1 {
[%emt 0:10:03]} Kf7 {[%emt 0:01:10]} 22. Rde2 {[%emt 0:01:57]} Nb4 {[%emt 0:00:
29]} 23. Kb1 {[%emt 0:03:28]} N6xd5 {[%emt 0:02:32]} 24. Nxd5 {[%emt 0:00:32]}
Nxd5 {[%emt 0:00:07]} 25. g3 {[%emt 0:01:18]} Nb4 {[%emt 0:00:19]} 26. b3 {
[%emt 0:01:13]} b5 {[%emt 0:03:29]} 27. a3 {[%emt 0:03:39]} Nd3 {[%emt 0:00:39]
} 28. Rd1 {[%emt 0:00:34]} c4 {[%emt 0:00:28]} 29. bxc4 {[%emt 0:00:55]} bxc4 {
[%emt 0:00:09]} 30. Rc2 {[%emt 0:01:03]} Rb7+ {[%emt 0:00:52]} 31. Ka1 {
[%emt 0:00:58]} Rb3 {[%emt 0:00:37]} 32. Ka2 {[%emt 0:01:25]} Nb4+ {[%emt 0:00:
38]} 33. axb4 {[%emt 0:00:51]} Rxd1 {[%emt 0:00:09]} 34. Nd2 {[%emt 0:00:44]}
Rxb4 {[%emt 0:00:28]} 35. Nxc4 {[%emt 0:00:17]} Kg6 {[%emt 0:01:04]} 36. h4 {
[%emt 0:00:32]} Rd4 {[%emt 0:00:38]} 37. Ne3 {[%emt 0:00:59]} Rd6 {[%emt 0:00:
27]} 38. Nc4 {[%emt 0:01:54]} Ra6+ {[%emt 0:00:09]} 39. Na3 Rba4 {[%emt 0:00:
13]} 40. Rc3 {[%emt 0:00:10]} Rxa3+ {[%emt 0:00:14]} 41. Rxa3 {[%emt 0:00:07]}
Rxa3+ {[%emt 0:00:11]} 42. Kxa3 {[%emt 0:00:03]} Kf5 {[%emt 0:00:23]} 43. f3 {
[%emt 0:00:14]} Ke5 {[%emt 0:00:06]} 44. Kb4 {[%emt 0:00:08]} Kd4 {[%emt 0:00:
04]} 45. Kb5 {[%emt 0:01:04]} Ke3 {[%emt 0:01:17]} 46. Ka6 Kxf3 {[%emt 0:00:13]
} 0-1

[Event "European School Championships"]
[Site "Rhodes, Greece"]
[Date "2022.04.27"]
[Round "7.4"]
[White "Ochedzan, Filip"]
[Black "Tatvidze, Davit"]
[Result "0-1"]
[WhiteElo "1873"]
[BlackElo "1440"]
[PlyCount "54"]
[EventDate "2022.04.21"]
[EventRounds "9"]

1. e4 {[%emt 0:00:03]} c5 {[%emt 0:00:07]} 2. Nf3 {[%emt 0:00:24]} g6 {[%emt 0:
00:04]} 3. d4 {[%emt 0:00:17]} cxd4 {[%emt 0:00:03]} 4. Nxd4 {[%emt 0:00:22]}
Nc6 5. c4 {[%emt 0:00:34]} Nf6 {[%emt 0:00:05]} 6. Nc3 {[%emt 0:00:40]} d6 {
[%emt 0:00:06]} 7. Be2 {[%emt 0:01:43]} Nxd4 {[%emt 0:00:10]} 8. Qxd4 {[%emt 0:
00:37]} Bg7 {[%emt 0:00:03]} 9. h3 {[%emt 0:07:49]} O-O {[%emt 0:01:22]} 10.
Qd3 {[%emt 0:01:43]} a5 {[%emt 0:00:45]} 11. Be3 {[%emt 0:05:35]} a4 {[%emt 0:
00:36]} 12. a3 {[%emt 0:03:27]} Bd7 {[%emt 0:00:41]} 13. O-O {[%emt 0:01:45]}
Bc6 {[%emt 0:01:11]} 14. Rac1 {[%emt 0:04:50]} Nd7 {[%emt 0:01:27]} 15. f4 {
[%emt 0:05:32]} Nc5 {[%emt 0:02:50]} 16. Bxc5 {[%emt 0:02:04]} dxc5 {[%emt 0:
00:03]} 17. e5 {[%emt 0:12:00]} Qb6 {[%emt 0:01:39]} 18. Qc2 {[%emt 0:01:46]}
Rfd8 {[%emt 0:02:15]} 19. Rcd1 {[%emt 0:05:07]} Rd4 {[%emt 0:01:10]} 20. Kh2 {
[%emt 0:02:23]} Rad8 {[%emt 0:14:16]} 21. Rxd4 {[%emt 0:05:34]} Rxd4 {[%emt 0:
01:10]} 22. Nd5 {[%emt 0:08:09]} Bxd5 {[%emt 0:02:14]} 23. cxd5 {[%emt 0:00:25]
} Rxd5 {[%emt 0:00:02]} 24. Qxa4 {[%emt 0:00:30]} e6 {[%emt 0:00:57]} 25. Bf3 {
[%emt 0:04:03]} Rd8 {[%emt 0:01:19]} 26. Qc2 {[%emt 0:01:38]} Bh6 {[%emt 0:01:
42]} 27. Be4 {[%emt 0:00:38]} Rd4 {[%emt 0:00:41]} 0-1

[Event "European School Championships"]
[Site "Rhodes, Greece"]
[Date "2022.04.27"]
[Round "7.5"]
[White "Celik, Ali Alper"]
[Black "Gabadadze, Gabriel"]
[Result "0-1"]
[WhiteElo "1534"]
[BlackElo "1507"]
[PlyCount "41"]
[EventDate "2022.04.21"]
[EventRounds "9"]

1. d4 {[%emt 0:00:06]} Nf6 {[%emt 0:00:07]} 2. c4 {[%emt 0:00:08]} e6 {[%emt 0:
00:04]} 3. Bg5 {[%emt 0:00:06]} d5 {[%emt 0:00:47]} 4. cxd5 {[%emt 0:00:19]}
exd5 {[%emt 0:00:30]} 5. Nc3 {[%emt 0:00:09]} c6 {[%emt 0:01:02]} 6. Qc2 {
[%emt 0:00:11]} Bb4 {[%emt 0:01:05]} 7. e3 {[%emt 0:01:00]} O-O {[%emt 0:03:18]
} 8. Bd3 {[%emt 0:00:30]} h6 {[%emt 0:00:21]} 9. Bh4 {[%emt 0:00:09]} Be6 {
[%emt 0:01:54]} 10. h3 {[%emt 0:03:24]} Nbd7 {[%emt 0:01:32]} 11. Nf3 {[%emt 0:
00:17]} Qc7 {[%emt 0:03:04]} 12. g4 {[%emt 0:06:40]} c5 {[%emt 0:11:42]} 13. g5
{[%emt 0:09:22]} hxg5 {[%emt 0:01:02]} 14. Bxg5 {[%emt 0:01:50]} cxd4 {[%emt 0:
05:09]} 15. Nxd4 {[%emt 0:01:10]} Rac8 {[%emt 0:01:27]} 16. Rc1 {[%emt 0:02:24]
} Rfe8 {[%emt 0:12:12]} 17. h4 {[%emt 0:08:31]} Bg4 {[%emt 0:02:51]} 18. h5 {
[%emt 0:11:05]} Qe5 {[%emt 0:02:26]} 19. Bxf6 {[%emt 0:08:21]} Qxf6 {[%emt 0:
02:04]} 20. Be2 {[%emt 0:02:00]} Bxe2 {[%emt 0:04:10]} 21. Qxe2 {[%emt 0:01:03]
} 0-1

[Event "European School Championships"]
[Site "Rhodes, Greece"]
[Date "2022.04.27"]
[Round "7.6"]
[White "Gvasalia, Gaga"]
[Black "Rutkowski, Feliks"]
[Result "1-0"]
[WhiteElo "1211"]
[BlackElo "1300"]
[PlyCount "47"]
[EventDate "2022.04.21"]
[EventRounds "9"]

1. e4 {[%emt 0:00:06]} c5 {[%emt 0:00:06]} 2. Nf3 {[%emt 0:00:11]} e6 {[%emt 0:
00:05]} 3. d4 {[%emt 0:00:12]} cxd4 {[%emt 0:00:06]} 4. Nxd4 {[%emt 0:00:02]}
Nc6 {[%emt 0:00:12]} 5. Nc3 {[%emt 0:00:04]} Qc7 {[%emt 0:00:06]} 6. Be3 {
[%emt 0:00:03]} a6 {[%emt 0:00:08]} 7. Qd2 {[%emt 0:00:04]} Nf6 {[%emt 0:00:25]
} 8. O-O-O {[%emt 0:00:06]} Bb4 {[%emt 0:00:04]} 9. f3 {[%emt 0:00:09]} b5 {
[%emt 0:00:07]} 10. Bf4 {[%emt 0:00:48]} Bxc3 {[%emt 0:18:13]} 11. Bxc7 {
[%emt 0:01:08]} Bxd2+ {[%emt 0:00:10]} 12. Rxd2 {[%emt 0:00:02]} Nxd4 {[%emt 0:
02:43]} 13. Rxd4 {[%emt 0:01:19]} d5 14. Be2 {[%emt 0:12:12]} O-O {[%emt 0:07:
33]} 15. Rhd1 Bb7 16. Be5 dxe4 17. Bxf6 {[%emt 0:26:47]} exf3 {[%emt 0:02:36]}
18. Rg4 {[%emt 0:00:10]} g6 {[%emt 0:04:12]} 19. Bxf3 {[%emt 0:01:22]} Bxf3 {
[%emt 0:01:06]} 20. gxf3 {[%emt 0:00:02]} Rfc8 {[%emt 0:01:34]} 21. Rd7 {
[%emt 0:00:42]} Kf8 {[%emt 0:04:38]} 22. Rgd4 {[%emt 0:00:58]} Ke8 {[%emt 0:00:
21]} 23. Re7+ {[%emt 0:00:14]} Kf8 {[%emt 0:00:05]} 24. Rdd7 {[%emt 0:00:03]}
1-0

[Event "European School Championships"]
[Site "Rhodes, Greece"]
[Date "2022.04.28"]
[Round "8.1"]
[White "Erdogmus, Yagiz Kaan"]
[Black "Qalabegashvili, Data"]
[Result "1-0"]
[WhiteElo "2358"]
[BlackElo "1348"]
[PlyCount "137"]
[EventDate "2022.04.21"]
[EventRounds "9"]

1. Nf3 {[%emt 0:08:35]} Nf6 2. g3 g6 3. b3 Bg7 4. Bb2 O-O 5. Bg2 d6 6. d4 c5 7.
c4 Ne4 8. Nbd2 Qa5 9. e3 {[%emt 0:12:22]} Nc6 {[%emt 0:01:26]} 10. O-O {
[%emt 0:15:15]} Nxd2 {[%emt 0:02:37]} 11. Qxd2 {[%emt 0:00:55]} Qxd2 {[%emt 0:
00:15]} 12. Nxd2 {[%emt 0:00:02]} cxd4 {[%emt 0:00:11]} 13. exd4 {[%emt 0:00:
42]} Nxd4 {[%emt 0:01:16]} 14. Rae1 {[%emt 0:01:32]} Re8 {[%emt 0:03:00]} 15.
Ne4 {[%emt 0:09:59]} Bf5 {[%emt 0:01:34]} 16. Bxd4 {[%emt 0:03:27]} Bxd4 {
[%emt 0:00:24]} 17. Rd1 {[%emt 0:00:01]} Bg7 {[%emt 0:06:35]} 18. Rfe1 {
[%emt 0:03:26]} Rac8 {[%emt 0:01:20]} 19. Rd5 {[%emt 0:00:58]} b6 {[%emt 0:02:
13]} 20. h4 {[%emt 0:01:04]} Bd7 {[%emt 0:01:52]} 21. a4 {[%emt 0:03:40]} Bc6 {
[%emt 0:00:34]} 22. Rd3 {[%emt 0:00:46]} h6 {[%emt 0:03:18]} 23. Bh3 {[%emt 0:
01:16]} f5 {[%emt 0:01:45]} 24. Nd2 {[%emt 0:00:48]} Rcd8 {[%emt 0:05:07]} 25.
h5 {[%emt 0:00:50]} Kf7 {[%emt 0:01:03]} 26. hxg6+ {[%emt 0:02:18]} Kxg6 {
[%emt 0:00:23]} 27. Bg2 {[%emt 0:01:44]} Bxg2 {[%emt 0:02:35]} 28. Kxg2 {
[%emt 0:00:01]} Rd7 {[%emt 0:03:34]} 29. f4 {[%emt 0:02:26]} Kf7 {[%emt 0:03:
30]} 30. Nf3 {[%emt 0:02:04]} Rdd8 {[%emt 0:04:17]} 31. Red1 {[%emt 0:01:28]}
Bf6 {[%emt 0:00:19]} 32. Rd5 {[%emt 0:00:38]} Kg6 {[%emt 0:07:50]} 33. Ne1 {
[%emt 0:03:15]} Rd7 {[%emt 0:03:32]} 34. Nc2 {[%emt 0:00:38]} Red8 {[%emt 0:03:
47]} 35. Nb4 {[%emt 0:02:53]} Rc8 {[%emt 0:01:21]} 36. R5d3 {[%emt 0:01:10]}
Rcd8 {[%emt 0:03:40]} 37. Nd5 {[%emt 0:02:18]} Re8 {[%emt 0:05:01]} 38. Kf3 {
[%emt 0:01:22]} Bg7 {[%emt 0:01:48]} 39. Nb4 {[%emt 0:01:06]} Kf7 {[%emt 0:01:
38]} 40. Rd5 {[%emt 0:00:19]} Kg6 {[%emt 0:02:13]} 41. R5d3 {[%emt 0:00:33]}
Bf8 {[%emt 0:04:39]} 42. Nc6 {[%emt 0:01:19]} Rc7 {[%emt 0:00:32]} 43. Nd4 {
[%emt 0:01:35]} Kf6 {[%emt 0:03:05]} 44. Kf2 {[%emt 0:01:50]} a6 {[%emt 0:00:
30]} 45. Re1 {[%emt 0:02:14]} e6 {[%emt 0:02:07]} 46. Rde3 {[%emt 0:00:27]} e5
{[%emt 0:00:30]} 47. Ne2 {[%emt 0:14:24]} Rce7 {[%emt 0:11:09]} 48. Nc3 {
[%emt 0:01:47]} exf4 {[%emt 0:00:27]} 49. Nd5+ {[%emt 0:00:25]} Kf7 {[%emt 0:
00:18]} 50. gxf4 {[%emt 0:00:36]} Rxe3 {[%emt 0:00:18]} 51. Rxe3 {[%emt 0:00:
02]} Rb8 {[%emt 0:00:24]} 52. b4 {[%emt 0:02:47]} Rb7 {[%emt 0:00:53]} 53. Kg3
{[%emt 0:01:50]} Be7 {[%emt 0:00:53]} 54. Rd3 {[%emt 0:00:39]} Ke6 {[%emt 0:03:
16]} 55. Kh3 {[%emt 0:00:53]} Bd8 {[%emt 0:01:02]} 56. Rg3 {[%emt 0:00:19]} Kf7
{[%emt 0:01:43]} 57. Ne3 {[%emt 0:00:41]} Kf6 {[%emt 0:02:04]} 58. Kh4 {
[%emt 0:01:24]} Be7 {[%emt 0:02:38]} 59. Kh5 {[%emt 0:01:10]} Bf8 {[%emt 0:00:
47]} 60. Rg6+ {[%emt 0:00:26]} Kf7 {[%emt 0:00:11]} 61. Nd5 {[%emt 0:00:21]}
Rb8 {[%emt 0:20:26]} 62. Rf6+ {[%emt 0:00:29]} Kg8 {[%emt 0:01:26]} 63. Rxf5 {
[%emt 0:03:00]} Bg7 {[%emt 0:00:45]} 64. Ne7+ {[%emt 0:00:19]} Kh7 {[%emt 0:00:
15]} 65. Rf7 {[%emt 0:00:24]} b5 {[%emt 0:01:53]} 66. Nf5 {[%emt 0:01:06]} bxa4
{[%emt 0:00:27]} 67. Rxg7+ {[%emt 0:00:24]} Kh8 {[%emt 0:00:04]} 68. Kxh6 {
[%emt 0:00:17]} a3 {[%emt 0:00:24]} 69. Ne7 {[%emt 0:00:10]} 1-0

[Event "European School Championships"]
[Site "Rhodes, Greece"]
[Date "2022.04.28"]
[Round "8.2"]
[White "Murawski, Jan"]
[Black "Gabadadze, Gabriel"]
[Result "1/2-1/2"]
[WhiteElo "1439"]
[BlackElo "1507"]
[PlyCount "85"]
[EventDate "2022.04.21"]
[EventRounds "9"]

1. d4 Nf6 2. c4 e6 3. Nc3 Bb4 4. Nf3 c5 5. g3 Ne4 6. Qc2 cxd4 7. Nxd4 f5 8. Bg2
Nxc3 9. bxc3 Be7 10. e4 O-O 11. exf5 e5 12. Ne2 d6 13. Qb3 Qc7 14. c5+ Kh8 15.
cxd6 Bxd6 16. Ba3 Bxa3 {[%emt 0:03:32]} 17. Qxa3 {[%emt 0:00:10]} Rxf5 {
[%emt 0:01:13]} 18. O-O {[%emt 0:00:56]} Nc6 {[%emt 0:01:10]} 19. Rad1 {
[%emt 0:03:01]} Be6 {[%emt 0:02:27]} 20. Rd2 {[%emt 0:05:16]} Rf7 {[%emt 0:07:
26]} 21. Qc5 {[%emt 0:03:19]} Qa5 {[%emt 0:11:23]} 22. Qxa5 {[%emt 0:11:18]}
Nxa5 {[%emt 0:00:09]} 23. Rfd1 {[%emt 0:00:11]} Raf8 {[%emt 0:01:23]} 24. f4 {
[%emt 0:02:07]} Nc4 {[%emt 0:03:44]} 25. Rd8 {[%emt 0:01:57]} Bg4 {[%emt 0:21:
19]} 26. Rxf8+ {[%emt 0:01:19]} Rxf8 {[%emt 0:00:08]} 27. Re1 {[%emt 0:00:09]}
Nb2 {[%emt 0:03:05]} 28. fxe5 {[%emt 0:00:50]} Nd3 {[%emt 0:00:58]} 29. Rf1 {
[%emt 0:00:05]} Rd8 {[%emt 0:08:52]} 30. Nd4 {[%emt 0:01:02]} Nxe5 {[%emt 0:01:
00]} 31. Bxb7 {[%emt 0:00:30]} g6 {[%emt 0:02:16]} 32. Nc6 {[%emt 0:01:57]}
Nxc6 {[%emt 0:00:29]} 33. Bxc6 {[%emt 0:00:06]} Rc8 {[%emt 0:00:57]} 34. Bf3 {
[%emt 0:00:10]} Be6 {[%emt 0:00:40]} 35. Rc1 {[%emt 0:03:46]} Bxa2 {[%emt 0:00:
54]} 36. Be2 {[%emt 0:02:54]} Kg7 {[%emt 0:06:11]} 37. Ra1 {[%emt 0:00:37]} Bf7
{[%emt 0:00:23]} 38. Ra3 {[%emt 0:00:46]} Kf6 {[%emt 0:00:32]} 39. Kf2 {
[%emt 0:00:22]} Rc5 {[%emt 0:01:10]} 40. Ke3 {[%emt 0:00:33]} a5 {[%emt 0:00:
40]} 41. Bf3 {[%emt 0:10:19]} Ke5 {[%emt 0:00:56]} 42. Be4 {[%emt 0:01:12]} Be6
{[%emt 0:01:50]} 43. Bd3 {[%emt 0:01:37]} 1/2-1/2